| 000 | 00574nam a22002057a 4500 | ||
|---|---|---|---|
| 999 |
_c6938 _d6938 |
||
| 003 | OSt | ||
| 005 | 20210514153519.0 | ||
| 008 | 210514b ||||| |||| 00| 0 eng d | ||
| 020 | _a9780333576502 | ||
| 040 | _cDDC | ||
| 082 | _a510 HOL 1992 | ||
| 100 |
_aHolden, K; Pearson A.W _914235 |
||
| 245 | _aIntroductory mathematics for economics and business | ||
| 250 | _a2nd ed. | ||
| 260 |
_aBasingstoke : _bMacmillan; _c 1992 |
||
| 300 |
_axii, 511 p. : _b ill. ; _c 22 cm |
||
| 650 |
_aMathematics . _9810 |
||
| 650 |
_aEconomics, Mathematical. _914185 |
||
| 942 |
_2ddc _cBOOK |
||